| 000 | 01592cam a2200325 4500 | ||
|---|---|---|---|
| 008 | 090401t1997 xxu||||| |||| 00| 0 eng d | ||
| 020 | _a085406642X | ||
| 035 | _a(Sirsi) u60235 | ||
| 041 | _aeng | ||
| 050 | _a333.33 | ||
| 090 | _aRICS 1997/7ABCD | ||
| 110 |
_aRoyal Institution of Chartered Surveyors _94900 |
||
| 245 | _aRent only residential management code... and additional advice to landlords, tenants and agents. | ||
| 260 |
_aLondon _bRICS _c1997 |
||
| 300 |
_a40p. _c30cm. |
||
| 350 | _a9.95 | ||
| 490 | _aRICS Guidance Note | ||
| 520 | _aApproved by the Secretaries of State for England and Wales under the terms of the Leasehold Reform, Housing and Urban Development Act 1993 s87. Applies to properties where only rent (not being just ground rent) is payable to the landlord, who is not a public sector authority or registered social landlord, and the landlord is usually responsible for expenses of repairing and servicing the property. | ||
| 520 | _aSuperseded by second edition. (ISBN 1842190709). | ||
| 650 | _aLEASEHOLD REFORM, HOUSING AND URBAN DEVELOPMENT ACT 1993 S87 | ||
| 650 | _aPRIVATE SECTOR | ||
| 650 |
_aProperty management _96262 |
||
| 650 | _aRICS RENT ONLY RESIDENTIAL MANAGEMENT CODE | ||
| 650 | _aRESIDENTIAL MANAGEMENT CODE | ||
| 650 |
_aRESIDENTIAL PROPERTY _96266 |
||
| 690 | _aPROPERTY LAW AND PRACTICE | ||
| 856 |
_uhttps://www.isurv.com/downloads/file/2901/archive_rent_only_residential_management_code_1st_edition_february_1997%E2%80%932004 _zArchived on isurv (subscription required) |
||
| 942 |
_n0 _2ddc |
||
| 948 | _c04/03/1997 | ||
| 999 |
_c94213 _d94213 |
||